[Event "SG Turm Raesfeld/Erle 2 - SK Gescher 1"]
[Site "Verbandsklasse 2015/2016"]
[Date "2016.04.30"]
[Round "8.1"]
[White "Priebs, Ludger"]
[Black "Bölker, Franz"]
[Result "1/2-1/2"]
[WhiteElo "1789"]
[BlackElo "1806"]
[PlyCount "39"]
[EventDate "2016.??.??"]
[SourceDate "2015.10.31"]

1. Nf3 c5 2. e4 d6 3. d4 cxd4 4. Nxd4 Nf6 5. Nc3 a6 6. g3 e6 7. Bg2 Be7 8. O-O
Qc7 9. Be3 O-O 10. Qe2 Bd7 11. a4 Nc6 12. Nxc6 Bxc6 13. a5 Nd7 14. Rfd1 Rac8
15. b4 Rfe8 16. b5 axb5 17. Nxb5 Bxb5 18. Qxb5 Bf6 19. Rab1 Bc3 20. Qxb7
1/2-1/2

[Event "SG Turm Raesfeld/Erle 2 - SK Gescher 1"]
[Site "Verbandsklasse 2015/2016"]
[Date "2016.04.30"]
[Round "8.2"]
[White "Brömmel, Chris"]
[Black "Lanfer, Stefanie"]
[Result "0-1"]
[WhiteElo "1783"]
[BlackElo "1810"]
[PlyCount "94"]
[EventDate "2016.??.??"]
[SourceDate "2015.10.31"]

1. e4 c6 2. d4 d5 3. e5 Bf5 4. Bd3 Bg6 5. f4 e6 6. Nf3 c5 7. c3 Nc6 8. O-O Qb6
9. Kh1 Nh6 10. b3 Be7 11. Be3 Ng4 12. Bg1 h5 13. Bxg6 fxg6 14. Qd3 O-O-O 15.
Qxg6 Rh6 16. Qd3 Rf8 17. h3 Rxf4 18. g3 Rf8 19. hxg4 hxg4+ 20. Nh2 Rfh8 21. Rf4
cxd4 22. cxd4 Kb8 23. Rxg4 Nxe5 24. dxe5 Bc5 25. Bd4 Rxh2+ 26. Kg1 Qb4 27. Nc3
Rh1+ 28. Kg2 Rxa1 29. Qe3 Bxd4 30. Rxd4 Qc5 31. b4 Qe7 32. Rf4 Rah1 33. Nb5
R8h2+ 34. Kf3 Rf1+ 35. Kg4 Rxf4+ 36. Qxf4 Rxa2 37. Nd6 Rh2 38. Qc1 Rh8 39. b5
Qc7 40. Qa3 Qb6 41. Qd3 Rf8 42. Kg5 Qf2 43. Qc3 Qf3 44. Qe1 g6 45. g4 Qf4+ 46.
Kxg6 Qxg4+ 47. Kh7 Rg8 0-1

[Event "SG Turm Raesfeld/Erle 2 - SK Gescher 1"]
[Site "Verbandsklasse 2015/2016"]
[Date "2016.04.30"]
[Round "8.3"]
[White "Iking, Bernhard"]
[Black "Fasselt, Hendrik"]
[Result "1/2-1/2"]
[WhiteElo "1775"]
[BlackElo "1804"]
[PlyCount "218"]
[EventDate "2016.??.??"]
[SourceDate "2015.10.31"]

1. d4 d5 2. c4 e6 3. Nc3 Nf6 4. cxd5 exd5 5. Bg5 Be7 6. e3 h6 7. Bxf6 Bxf6 8.
Bd3 O-O 9. Qb3 c6 10. Nge2 Nd7 11. O-O Re8 12. Rac1 Qb6 13. Qc2 Nf8 14. Na4 Qa5
15. a3 Rb8 16. b4 Qd8 17. Qd2 Bd7 18. Bb1 Qe7 19. Nf4 Rbd8 20. Nc5 Bc8 21. Rfe1
Bg5 22. Nh5 Bg4 23. Ng3 g6 24. h3 Bc8 25. Qc2 Bh4 26. Nd3 Qg5 27. Ne5 Bxg3 28.
Nf3 Bxf2+ 29. Qxf2 Qf6 30. Rf1 Re7 31. Rce1 Rde8 32. Re2 Qd6 33. Ne5 Qe6 34.
Qh4 Kg7 35. Ng4 h5 36. Rf6 Qd7 37. Ne5 Rxe5 38. dxe5 Rxe5 39. Ref2 Re7 40. Qd4
Kg8 41. Qf4 Qe8 42. Qh6 Be6 43. g4 h4 44. Qxh4 Nh7 45. R6f3 Bd7 46. Qh6 a6 47.
Qf4 Nf8 48. h4 Ne6 49. Qf6 Ng7 50. Qg5 Ne6 51. Qh6 Qf8 52. Qxf8+ Nxf8 53. g5
Bg4 54. Rf4 Bd7 55. R4f3 Bg4 56. Rg3 Bd7 57. Rf4 Ne6 58. Rf6 Kg7 59. Kf2 Re8
60. Rgf3 Re7 61. Bc2 Be8 62. Kg3 Bd7 63. Bd3 Be8 64. Kf2 Bd7 65. Bf1 Kg8 66.
Bh3 Kg7 67. Bxe6 Bxe6 68. Kg3 Rd7 69. Kf4 d4 70. exd4 Rxd4+ 71. Kg3 Rg4+ 72.
Kh3 Re4+ 73. Kg2 Rxh4 74. Rg3 Rd4 75. Kf2 Bf5 76. Ke3 Rd3+ 77. Kf4 Rd4+ 78. Ke3
Rd3+ 79. Kf2 Rd5 80. Rf3 Be6 81. Rg3 Rxg5 82. Rxf7+ Kxf7 83. Rxg5 Kf6 84. Rc5
Bd5 85. Kg3 Ke5 86. Rc3 Kd4 87. Rc1 Kd3 88. Kf4 Kd2 89. Rg1 Kc2 90. Rxg6 Kb2
91. Rg3 Bb3 92. Ke5 Kxa3 93. Rg4 b5 94. Kd6 Bc4 95. Kc5 Bd5 96. Rg1 Kb2 97. Kb6
Kb3 98. Ka5 Kc4 99. Rg4+ Kb3 100. Kxa6 Ka4 101. Kb6 Bc4 102. Kc5 Bd5 103. Rh4
Kb3 104. Rh3+ Kb2 105. Rd3 Bc4 106. Re3 Bd5 107. Rd3 Be4 108. Re3 Bd5 109. Rd3
Be4 1/2-1/2

[Event "SG Turm Raesfeld/Erle 2 - SK Gescher 1"]
[Site "Verbandsklasse 2015/2016"]
[Date "2016.04.30"]
[Round "8.4"]
[White "Kadenbach, Wolfgang"]
[Black "Stein, Michael"]
[Result "1/2-1/2"]
[WhiteElo "1731"]
[BlackElo "1682"]
[PlyCount "56"]
[EventDate "2016.??.??"]
[SourceDate "2015.10.31"]

1. d4 Nf6 2. c4 g6 3. Nc3 d5 4. cxd5 Nxd5 5. e4 Nxc3 6. bxc3 Bg7 7. Bc4 O-O 8.
Ne2 c5 9. Be3 Nc6 10. O-O cxd4 11. cxd4 b6 12. Bd5 Bb7 13. Rc1 Na5 14. Bxb7
Nxb7 15. Qd2 Qd7 16. Bh6 Rac8 17. Bxg7 Kxg7 18. Qf4 Nd6 19. d5 e6 20. e5 Nb7
21. Qf6+ Kg8 22. d6 Nc5 23. Ng3 Nd3 24. Rxc8 Rxc8 25. Nh5 gxh5 26. Qg5+ Kh8 27.
Qf6+ Kg8 28. Qg5+ Kh8 1/2-1/2

[Event "SG Turm Raesfeld/Erle 2 - SK Gescher 1"]
[Site "Verbandsklasse 2015/2016"]
[Date "2016.04.30"]
[Round "8.5"]
[White "Robers, Frank"]
[Black "Suer, Julian"]
[Result "1/2-1/2"]
[WhiteElo "1701"]
[BlackElo "1739"]
[PlyCount "33"]
[EventDate "2016.??.??"]
[SourceDate "2015.10.31"]

1. e4 d5 2. exd5 Qxd5 3. Qf3 Nf6 4. Nc3 Qxf3 5. Nxf3 c6 6. Bc4 Bf5 7. d3 e6 8.
a3 Bd6 9. Bg5 Nbd7 10. Nh4 Bg6 11. O-O-O O-O 12. Nxg6 hxg6 13. Ne4 Bc7 14.
Nxf6+ Nxf6 15. h3 b5 16. Bb3 a5 17. c3 1/2-1/2

[Event "SG Turm Raesfeld/Erle 2 - SK Gescher 1"]
[Site "Verbandsklasse 2015/2016"]
[Date "2016.04.30"]
[Round "8.6"]
[White "Cvetkovic, Reinhard"]
[Black "Frieske, Hilmar"]
[Result "1-0"]
[WhiteElo "1708"]
[BlackElo "1776"]
[PlyCount "63"]
[EventDate "2016.??.??"]
[SourceDate "2015.10.31"]

1. e4 e5 2. Nf3 Nc6 3. Bc4 Bc5 4. O-O d6 5. c3 Bg4 6. b4 Bb6 7. a4 a6 8. d3
Bxf3 9. Qxf3 Qf6 10. Qe2 Nge7 11. Na3 Ng6 12. Nc2 a5 13. b5 Nd8 14. Be3 Ba7 15.
b6 Bb8 16. g3 O-O 17. f4 exf4 18. gxf4 c6 19. d4 Ne7 20. Bd3 Qh4 21. f5 d5 22.
e5 Nc8 23. Qg2 f6 24. Rf4 Qh5 25. Be2 Qf7 26. Rg4 Kh8 27. e6 Qe7 28. Rh4 Nxe6
29. Qg6 h6 30. Bxh6 Kg8 31. fxe6 f5 32. Bg5 1-0

[Event "SG Turm Raesfeld/Erle 2 - SK Gescher 1"]
[Site "Verbandsklasse 2015/2016"]
[Date "2016.04.30"]
[Round "8.7"]
[White "Kamp, Silvia"]
[Black "Hoffmann, Fabian"]
[Result "1-0"]
[WhiteElo "1525"]
[BlackElo "1693"]
[PlyCount "53"]
[EventDate "2016.??.??"]
[SourceDate "2015.10.31"]

1. Nf3 d5 2. d4 Bg4 3. Bf4 e6 4. e3 Bd6 5. Bg3 Ne7 6. Nbd2 Nf5 7. Bxd6 Qxd6 8.
Be2 Bh5 9. h3 Bg6 10. O-O O-O 11. c4 Nc6 12. cxd5 exd5 13. Rc1 Rfe8 14. Bb5
Rab8 15. Qa4 Nfe7 16. Ne5 Bf5 17. Nb3 Nxe5 18. dxe5 Qg6 19. Bxe8 c6 20. Bxf7+
Kxf7 21. Qf4 Kg8 22. Qh4 Be4 23. Qg4 Qf7 24. Qf4 Qg6 25. Qg4 Qf7 26. Nc5 Nf5
27. Nxe4 1-0

[Event "SG Turm Raesfeld/Erle 2 - SK Gescher 1"]
[Site "Verbandsklasse 2015/2016"]
[Date "2016.04.30"]
[Round "8.8"]
[White "Droste, Laurenz"]
[Black "Gemsa, Michael"]
[Result "1-0"]
[WhiteElo "1612"]
[BlackElo "1485"]
[PlyCount "69"]
[EventDate "2016.??.??"]
[SourceDate "2015.10.31"]

1. f4 d5 2. e3 g6 3. Nf3 c5 4. Bb5+ Nc6 5. Ne5 Qd6 6. Bxc6+ bxc6 7. b3 Nf6 8.
Bb2 Bg7 9. O-O Nd7 10. Nc4 dxc4 11. Bxg7 Rg8 12. Bb2 Nf6 13. bxc4 h5 14. Qe1 g5
15. fxg5 Rxg5 16. Qh4 Rg4 17. Qf2 Rg6 18. Qf4 Qxf4 19. Rxf4 Ng4 20. h3 Rb8 21.
Ba3 Ne5 22. Kh2 Be6 23. d3 Nd7 24. Nd2 f6 25. Ne4 Kf7 26. Bxc5 Nxc5 27. Nxc5
Rb2 28. Rf2 h4 29. a4 Rg5 30. Nb3 Rg3 31. Re1 f5 32. Ree2 Kg6 33. Nd4 Bd7 34.
Nf3 Kh5 35. Ne5 1-0

[Event "SK Königsspringer Nordwalde 1 - Südlohn"]
[Site "Verbandsklasse 2015/2016"]
[Date "2016.04.30"]
[Round "8.1"]
[White "Sparwel, Oliver"]
[Black "Sandmann, Matthias"]
[Result "1-0"]
[WhiteElo "1962"]
[BlackElo "1780"]
[PlyCount "75"]
[EventDate "2016.??.??"]
[SourceDate "2015.10.31"]

1. d4 Nf6 2. Nf3 g6 3. g3 Bg7 4. Bg2 d6 5. O-O O-O 6. c4 Re8 7. Nc3 Na6 8. e4
c5 9. h3 cxd4 10. Nxd4 Nc5 11. Be3 a6 12. b4 Ne6 13. Rc1 Rb8 14. Nd5 Bd7 15.
Qd3 b5 16. c5 Nxd4 17. Bxd4 dxc5 18. bxc5 Bc6 19. Nb4 Bxe4 20. Bxe4 Nxe4 21.
Qxe4 Qxd4 22. Qxd4 Bxd4 23. Rfd1 e5 24. Nxa6 Rbc8 25. c6 Re6 26. Nb4 Rc7 27.
Rc2 Rd6 28. Rd3 Kf8 29. Kf1 Ke7 30. Ra3 e4 31. Ra5 Kd8 32. Rxb5 f6 33. a4 e3
34. fxe3 Bxe3 35. Rd5 Ke7 36. Re2 Re6 37. Rd3 Kf7 38. Rexe3 1-0

[Event "SK Königsspringer Nordwalde 1 - Südlohn"]
[Site "Verbandsklasse 2015/2016"]
[Date "2016.04.30"]
[Round "8.2"]
[White "Lerke, Bernd"]
[Black "Richters, Alfred"]
[Result "1/2-1/2"]
[WhiteElo "1888"]
[BlackElo "1897"]
[PlyCount "57"]
[EventDate "2016.??.??"]
[SourceDate "2015.10.31"]

1. d4 e6 2. e4 d5 3. Nc3 Bb4 4. e5 c5 5. a3 Bxc3+ 6. bxc3 Ne7 7. f4 Nbc6 8. Nf3
Qa5 9. Bd2 cxd4 10. cxd4 Qa4 11. c4 Qxd1+ 12. Rxd1 dxc4 13. Bxc4 Bd7 14. O-O
Rd8 15. g4 h5 16. h3 Bc8 17. Bc3 Nd5 18. Bxd5 Rxd5 19. Kg2 Ke7 20. Kg3 b6 21.
Rc1 Bd7 22. Rf2 hxg4 23. hxg4 f6 24. Rfc2 Rc8 25. exf6+ gxf6 26. g5 Rg8 27.
Bb4+ Nxb4 28. axb4 Bb5 29. Rc7+ 1/2-1/2

[Event "SK Königsspringer Nordwalde 1 - Südlohn"]
[Site "Verbandsklasse 2015/2016"]
[Date "2016.04.30"]
[Round "8.3"]
[White "Harbers, Gerard"]
[Black "Wetterau, Georg"]
[Result "1-0"]
[WhiteElo "1880"]
[BlackElo "1814"]
[PlyCount "113"]
[EventDate "2016.??.??"]
[SourceDate "2015.10.31"]

1. e4 e5 2. Nf3 Nc6 3. Bb5 a6 4. Ba4 Nf6 5. O-O Be7 6. Re1 b5 7. Bb3 Bb7 8. c3
d5 9. d4 exd4 10. e5 Ne4 11. cxd4 O-O 12. Nc3 Na5 13. Be3 Nxb3 14. Qxb3 Ng5 15.
Nxg5 Bxg5 16. a4 Bxe3 17. Rxe3 c5 18. Ne2 cxd4 19. Nxd4 Qb6 20. Rd1 Rac8 21.
axb5 axb5 22. h3 b4 23. Nf5 Kh8 24. Nd6 Rc7 25. Nxb7 Rxb7 26. Qxd5 Rbb8 27. Qb3
h6 28. Rd7 Rb7 29. Qd5 Rxd7 30. Qxd7 Qg6 31. Qd6 Qb1+ 32. Kh2 Ra8 33. Qxb4 h5
34. Qe4 Qa2 35. Qf3 g6 36. Ra3 Rxa3 37. Qxa3 Qd5 38. Qd6 Qc4 39. Qf6+ Kh7 40.
Qf3 Qe6 41. Qe3 Qc4 42. f3 Qd5 43. b3 Kg7 44. f4 h4 45. Qb6 Qd3 46. Qf6+ Kg8
47. Qxh4 Qxb3 48. Qg5 Qe3 49. Qg4 Kf8 50. h4 Qe4 51. Qg5 Qe3 52. Qd8+ Kg7 53.
Qf6+ Kg8 54. e6 fxe6 55. Qxg6+ Kf8 56. Qf6+ Ke8 57. Qe5 1-0

[Event "SK Königsspringer Nordwalde 1 - Südlohn"]
[Site "Verbandsklasse 2015/2016"]
[Date "2016.04.30"]
[Round "8.4"]
[White "Mense, Jens-Uwe"]
[Black "Telöken, Stefan"]
[Result "0-1"]
[WhiteElo "1801"]
[BlackElo "1770"]
[PlyCount "64"]
[EventDate "2016.??.??"]
[SourceDate "2015.10.31"]

1. d4 d5 2. Nc3 Nf6 3. Bg5 e6 4. e4 dxe4 5. Nxe4 Be7 6. Nxf6+ Bxf6 7. Bxf6 Qxf6
8. c3 O-O 9. Bd3 a5 10. Qh5 g6 11. Qe2 b6 12. Nf3 Bb7 13. Be4 Ba6 14. Qe3 Ra7
15. h4 Bb7 16. Bxb7 Rxb7 17. Ne5 c5 18. O-O-O Na6 19. Ng4 Qe7 20. h5 g5 21. f4
gxf4 22. Qxf4 f5 23. Ne5 cxd4 24. Rxd4 Nc5 25. Rhd1 Qg7 26. Rd8 Re7 27. Nf3
Ree8 28. R8d6 e5 29. Qc4+ Kh8 30. Nh4 Qg5+ 31. Kb1 Ne4 32. Ng6+ hxg6 0-1

[Event "SK Königsspringer Nordwalde 1 - Südlohn"]
[Site "Verbandsklasse 2015/2016"]
[Date "2016.04.30"]
[Round "8.5"]
[White "Schmeing, Manfred"]
[Black "Holstegge, Ludger"]
[Result "0-1"]
[WhiteElo "1746"]
[BlackElo "1819"]
[PlyCount "62"]
[EventDate "2016.??.??"]
[SourceDate "2015.10.31"]

1. e4 g6 2. d4 Bg7 3. Nc3 c5 4. Nf3 cxd4 5. Nxd4 Nc6 6. Nb3 Nf6 7. Be2 d6 8.
O-O O-O 9. Be3 Be6 10. Nd4 Nxd4 11. Bxd4 Qd7 12. f4 Rfc8 13. f5 Bc4 14. fxg6
hxg6 15. Bxc4 Rxc4 16. Bxf6 Bxf6 17. e5 Bxe5 18. Qd5 Rf4 19. Rxf4 Bxf4 20. Rf1
e6 21. Qf3 Be5 22. Ne4 f5 23. Ng5 Kg7 24. Qb3 Re8 25. Re1 Bd4+ 26. Kh1 Kf6 27.
Nf3 Bb6 28. Qc3+ e5 29. Qd2 f4 30. g3 Qc6 31. Kg2 g5 0-1

[Event "SK Königsspringer Nordwalde 1 - Südlohn"]
[Site "Verbandsklasse 2015/2016"]
[Date "2016.04.30"]
[Round "8.6"]
[White "Herding, Rudolf"]
[Black "Musholt, Joachim"]
[Result "0-1"]
[WhiteElo "1568"]
[BlackElo "1651"]
[PlyCount "84"]
[EventDate "2016.??.??"]
[SourceDate "2015.10.31"]

1. e4 c5 2. Nf3 Nc6 3. c3 Nf6 4. d3 d6 5. Be2 g6 6. O-O Bg7 7. Nbd2 e5 8. Rb1
O-O 9. Qb3 Qc7 10. Nc4 h6 11. Ne3 Ne7 12. c4 Nh5 13. Nd5 Nxd5 14. cxd5 f5 15.
Nh4 Qf7 16. Bxh5 gxh5 17. Nxf5 Bxf5 18. exf5 b6 19. Qc4 Qxf5 20. Qe4 Rac8 21.
b3 Rc7 22. f3 b5 23. Bd2 Rcf7 24. Rfc1 Rc8 25. b4 a6 26. bxc5 dxc5 27. Qxf5
Rxf5 28. Rc2 Rf7 29. Rbc1 Rfc7 30. d6 Rd7 31. Rxc5 Rxc5 32. Rxc5 Rxd6 33. Rc8+
Kf7 34. Rc7+ Kg6 35. Rc3 e4 36. Rb3 exd3 37. g3 Bf6 38. Kg2 Kf5 39. Rb4 Rc6 40.
Rf4+ Kg6 41. g4 Rc2 42. gxh5+ Kf7 0-1

[Event "SK Königsspringer Nordwalde 1 - Südlohn"]
[Site "Verbandsklasse 2015/2016"]
[Date "2016.04.30"]
[Round "8.7"]
[White "Emming, Benedikt"]
[Black "Steens, Rudolf"]
[Result "1/2-1/2"]
[WhiteElo "1726"]
[BlackElo "1744"]
[PlyCount "105"]
[EventDate "2016.??.??"]
[SourceDate "2015.10.31"]

1. e4 e6 2. Qe2 Be7 3. Nf3 Nf6 4. Nc3 d5 5. e5 Nfd7 6. d3 c5 7. g3 Nc6 8. Bg2
a6 9. O-O b5 10. b3 Qc7 11. Bf4 h6 12. h4 Bb7 13. Nd1 g5 14. hxg5 hxg5 15. Nxg5
Bxg5 16. Bxg5 Qxe5 17. Qxe5 Ncxe5 18. Re1 Rg8 19. f4 Nc6 20. Bxd5 Nd8 21. Bxb7
Nxb7 22. Nc3 Nd6 23. Kf2 b4 24. Nd5 Ra7 25. c3 bxc3 26. Nxc3 Nb6 27. Rac1 Kd7
28. Ne4 Nxe4+ 29. dxe4 Rc8 30. Bf6 Kc6 31. g4 Nd7 32. Bd4 Rac7 33. Rc2 Kb7 34.
Be3 Nf6 35. Kf3 Rh8 36. g5 Nd7 37. Rec1 Rhc8 38. Rc4 Rc6 39. Rh1 Nb6 40. Rc2 a5
41. Rh7 R8c7 42. g6 fxg6 43. Rxc7+ Kxc7 44. Rxc5 Rxc5 45. Bxc5 Nd7 46. Be7 Nb8
47. Kg4 Kd7 48. Bf6 Ke8 49. Kf3 Nc6 50. Ke2 Kf7 51. Bc3 Ke7 52. Bb2 Kd7 53. Ke3
1/2-1/2

[Event "SK Königsspringer Nordwalde 1 - Südlohn"]
[Site "Verbandsklasse 2015/2016"]
[Date "2016.04.30"]
[Round "8.8"]
[White "Keller, Hansjürgen"]
[Black "Späker, Helmut"]
[Result "1/2-1/2"]
[WhiteElo "1590"]
[BlackElo "1638"]
[PlyCount "51"]
[EventDate "2016.??.??"]
[SourceDate "2015.10.31"]

1. d4 d5 2. Nf3 Bf5 3. Bf4 e6 4. e3 Bd6 5. Bxd6 Qxd6 6. c3 Nd7 7. Bd3 Bxd3 8.
Qxd3 Ngf6 9. Nbd2 O-O 10. O-O b6 11. e4 dxe4 12. Nxe4 Nxe4 13. Qxe4 c5 14. Rad1
Qc7 15. Rfe1 Nf6 16. Qe5 Rac8 17. Qxc7 Rxc7 18. Re5 Rd8 19. Re2 c4 20. Rde1 b5
21. a3 a5 22. g3 Rb8 23. Ne5 Nd5 24. Rc1 f6 25. Ng4 Kf7 26. Ne3 1/2-1/2

[Event "SF Stadtlohn 1 - Indische Dame Münster"]
[Site "Verbandsklasse 2015/2016"]
[Date "2016.04.30"]
[Round "8.1"]
[White "Stevermüer, Rüdiger"]
[Black "Te Sligte, Bert"]
[Result "1-0"]
[WhiteElo "1959"]
[BlackElo "1839"]
[PlyCount "71"]
[EventDate "2016.??.??"]
[SourceDate "2015.10.31"]

1. e4 e5 2. Nf3 Nc6 3. Nc3 Nf6 4. a3 Be7 5. d4 exd4 6. Nxd4 d6 7. Be2 O-O 8.
O-O Ne5 9. f4 Ng6 10. Kh1 c5 11. Nf3 b6 12. Bc4 Bb7 13. Qd3 Qc7 14. Nd5 Nxd5
15. Bxd5 Bxd5 16. Qxd5 Bf6 17. a4 Rad8 18. c4 Ne7 19. Qd1 Nc6 20. Ra3 Rfe8 21.
Re3 Rd7 22. Nd2 Nd4 23. Rh3 g6 24. Qg4 Rde7 25. e5 Bg7 26. Ne4 dxe5 27. f5 Nxf5
28. Rxf5 Qd7 29. Ng3 gxf5 30. Nxf5 f6 31. Qh5 Rd8 32. Qxh7+ Kf8 33. Be3 Qd1+
34. Bg1 Qd7 35. Rh4 Rf7 36. Qh8+ 1-0

[Event "SF Stadtlohn 1 - Indische Dame Münster"]
[Site "Verbandsklasse 2015/2016"]
[Date "2016.04.30"]
[Round "8.2"]
[White "Krosenbrink, Marcel"]
[Black "Tenberge, Norbert"]
[Result "1/2-1/2"]
[WhiteElo "1765"]
[BlackElo "1832"]
[PlyCount "41"]
[EventDate "2016.??.??"]
[SourceDate "2015.10.31"]

1. e4 g6 2. f4 d6 3. Nf3 Bg4 4. Nc3 c6 5. h3 Bxf3 6. Qxf3 Bg7 7. Bc4 e6 8. d3
Ne7 9. O-O d5 10. Bb3 f5 11. Re1 Kf7 12. Qe2 Qd7 13. Bd2 Na6 14. Kh1 Nc5 15.
Qf2 b6 16. Re2 h5 17. Rae1 Rhe8 18. exd5 exd5 19. Nd1 Ng8 20. Bc3 Bxc3 21. Nxc3
1/2-1/2

[Event "SF Stadtlohn 1 - Indische Dame Münster"]
[Site "Verbandsklasse 2015/2016"]
[Date "2016.04.30"]
[Round "8.3"]
[White "ter Veen, Michael"]
[Black "Kloster, Daniel"]
[Result "0-1"]
[WhiteElo "1755"]
[BlackElo "1756"]
[PlyCount "88"]
[EventDate "2016.??.??"]
[SourceDate "2015.10.31"]

1. c4 e6 2. d4 d5 3. Nc3 Nf6 4. Nf3 Bb4 5. Bd2 Bxc3 6. Bxc3 dxc4 7. e3 Qd5 8.
Ne5 b5 9. f3 Nbd7 10. e4 Qb7 11. Nxd7 Bxd7 12. Be2 O-O 13. O-O Rac8 14. Bb4
Rfe8 15. g4 h6 16. h4 Rcd8 17. Qd2 Bc8 18. Rad1 e5 19. d5 Qb6+ 20. Kg2 Nh7 21.
f4 Qf6 22. g5 hxg5 23. fxg5 Qg6 24. Qe3 f6 25. Bd2 fxg5 26. hxg5 Nf6 27. Bf3
Nh5 28. Bxh5 Qxh5 29. Bb4 Qg4+ 30. Kf2 Qh4+ 31. Kg2 Qg4+ 32. Kf2 Rf8+ 33. Bxf8
Rxf8+ 34. Ke1 Rxf1+ 35. Kxf1 Qxd1+ 36. Kg2 Qg4+ 37. Kf2 Qh4+ 38. Ke2 Qh2+ 39.
Ke1 Qxb2 40. Qxa7 Qc3+ 41. Kf1 Bh3+ 42. Ke2 Qd3+ 43. Ke1 Qxe4+ 44. Kd2 Qxd5+
0-1

[Event "SF Stadtlohn 1 - Indische Dame Münster"]
[Site "Verbandsklasse 2015/2016"]
[Date "2016.04.30"]
[Round "8.4"]
[White "Wensing, Herbert"]
[Black "Glotzbach, Thomas"]
[Result "1-0"]
[WhiteElo "1684"]
[BlackElo "1718"]
[PlyCount "69"]
[EventDate "2016.??.??"]
[SourceDate "2015.10.31"]

1. e4 e6 2. d4 d5 3. Nd2 dxe4 4. Nxe4 Nd7 5. Bd3 Ngf6 6. Nf3 Be7 7. c3 Nxe4 8.
Bxe4 Nf6 9. Bd3 O-O 10. O-O c5 11. Qc2 h6 12. h3 Qc7 13. Be3 Nd5 14. Be4 Nxe3
15. fxe3 Rb8 16. Qf2 Bd6 17. Rac1 b6 18. Bb1 f5 19. Qe2 Bb7 20. e4 Bf4 21. Rcd1
Rbe8 22. exf5 exf5 23. Qc4+ Kh8 24. Nh4 Be3+ 25. Kh1 Qg3 26. d5 b5 27. Qxb5
Qxh4 28. Qxb7 f4 29. Qc6 Qg5 30. d6 Re6 31. Qd7 Qf6 32. Qc7 Qd8 33. Qc6 Rff6
34. Qc7 Rxd6 35. Qxd8+ 1-0

[Event "SF Stadtlohn 1 - Indische Dame Münster"]
[Site "Verbandsklasse 2015/2016"]
[Date "2016.04.30"]
[Round "8.5"]
[White "Dittberner, Markus"]
[Black "Söbbing, Ulrich"]
[Result "1-0"]
[WhiteElo "1642"]
[BlackElo "1545"]
[PlyCount "79"]
[EventDate "2016.??.??"]
[SourceDate "2015.10.31"]

1. e4 c5 2. Nf3 d6 3. d4 cxd4 4. Nxd4 Nc6 5. Be3 Nf6 6. Nc3 g6 7. f3 Bg7 8. Qd2
O-O 9. Bc4 Na5 10. Bb3 Nxb3 11. axb3 Re8 12. g4 a6 13. Nde2 Nd7 14. Ng3 Ne5 15.
Qe2 Be6 16. O-O Qc7 17. Na4 Qc6 18. Nb6 Rad8 19. c4 Nd7 20. Nd5 Bxd5 21. exd5
Qc7 22. Ne4 Rc8 23. Qd2 Ne5 24. h3 Red8 25. Rac1 Nd7 26. b4 b6 27. b3 Qb7 28.
f4 Nf6 29. Ng3 e6 30. g5 Ne8 31. Rfd1 exd5 32. Qxd5 Qxd5 33. Rxd5 Rb8 34. Rd3
f5 35. Rcd1 Kf7 36. Ne2 Ke7 37. Bd4 Bxd4+ 38. Nxd4 Rbc8 39. Re1+ Kd7 40. Ne6
1-0

[Event "SF Stadtlohn 1 - Indische Dame Münster"]
[Site "Verbandsklasse 2015/2016"]
[Date "2016.04.30"]
[Round "8.6"]
[White "Bußwolder, Peter"]
[Black "Scholz, Andreas"]
[Result "1/2-1/2"]
[WhiteElo "1749"]
[BlackElo "1628"]
[PlyCount "141"]
[EventDate "2016.??.??"]
[SourceDate "2015.10.31"]

1. d4 c6 2. c4 d5 3. e3 Nf6 4. Nf3 Nbd7 5. Nc3 Qc7 6. Bd3 e5 7. cxd5 cxd5 8.
dxe5 Nxe5 9. Bb5+ Bd7 10. Bxd7+ Nexd7 11. Nxd5 Qa5+ 12. Nc3 Ne4 13. Bd2 Nxd2
14. Qxd2 Bb4 15. Nd4 Nc5 16. f3 Rd8 17. O-O Na4 18. Rac1 Rc8 19. Nde2 O-O 20.
a3 Nxc3 21. Nxc3 Bxc3 22. Rxc3 g6 23. Rc2 Qb6 24. Rxc8 Rxc8 25. Rd1 Qb3 26. Qd4
Rc2 27. Rd2 Rc1+ 28. Kf2 Qb5 29. Re2 Qg5 30. Rd2 Qb5 31. Re2 Qh5 32. Qf4 b6 33.
e4 Qc5+ 34. Qe3 Qc7 35. e5 Rd1 36. g3 Qc8 37. e6 fxe6 38. Qxe6+ Qxe6 39. Rxe6
Rh1 40. Kg2 Rd1 41. Rc6 Rd2+ 42. Kh3 Rxb2 43. Rc8+ Kg7 44. Rc7+ Kh6 45. Rxa7
Ra2 46. f4 b5 47. Rb7 Rxa3 48. Rxb5 Rc3 49. Kh4 Rc4 50. Kg4 Kg7 51. Rb7+ Kg8
52. Kg5 Rc5+ 53. Kf6 Rf5+ 54. Ke6 h5 55. Rb2 Kg7 56. Re2 h4 57. Re5 Rf6+ 58.
Kd5 hxg3 59. hxg3 Ra6 60. Ke4 Kf6 61. Kf3 Ra3+ 62. Kg4 Ra4 63. Rb5 Ra6 64. Kh4
Ra4 65. Rb6+ Kf7 66. g4 Rxf4 67. Kg5 Rc4 68. Rb7+ Kf8 69. Kxg6 Rxg4+ 70. Kf6
Rf4+ 71. Ke5 1/2-1/2

[Event "SF Stadtlohn 1 - Indische Dame Münster"]
[Site "Verbandsklasse 2015/2016"]
[Date "2016.04.30"]
[Round "8.7"]
[White "Janocha, Hans-Dieter"]
[Black "Lösing, Henrik"]
[Result "0-1"]
[WhiteElo "1567"]
[BlackElo "1917"]
[PlyCount "104"]
[EventDate "2016.??.??"]
[SourceDate "2015.10.31"]

1. Nf3 Nf6 2. d4 g6 3. Nbd2 Bg7 4. g3 d6 5. Bg2 O-O 6. c3 Na6 7. O-O c5 8. b3
Qa5 9. Bb2 cxd4 10. Nc4 Qd8 11. cxd4 d5 12. Nce5 Ne4 13. Nd3 Bd7 14. Nd2 Bc6
15. f3 Nxd2 16. Qxd2 Qd6 17. Nf2 Rfe8 18. f4 Nb8 19. Rfe1 Nd7 20. Kh1 Nf6 21.
e3 Rad8 22. Bc3 Qc7 23. Rac1 Qd7 24. Bh3 e6 25. Qc2 Rc8 26. Nd3 Ne4 27. Qb2 b6
28. Nf2 a5 29. Re2 Bb5 30. Rec2 Bf8 31. Nxe4 dxe4 32. Bf1 Bd3 33. Rd2 Qd5 34.
Kg1 Bxf1 35. Kxf1 Qh5 36. Rf2 Rc6 37. Be1 Rec8 38. Rxc6 Rxc6 39. Qb1 Qb5+ 40.
Re2 f5 41. Kf2 Ba3 42. Qd1 Rc1 43. Qd2 Qc6 44. Kf1 Bb4 45. Qb2 Bxe1 46. Rxe1
Rc2 47. Qa3 Kf7 48. h4 Rh2 49. Re2 Qb5 50. Qb2 Qd3 51. Ke1 Rh1+ 52. Kf2 Qd1 0-1

[Event "SF Stadtlohn 1 - Indische Dame Münster"]
[Site "Verbandsklasse 2015/2016"]
[Date "2016.04.30"]
[Round "8.8"]
[White "Schlattmann, Martin"]
[Black "Dörr, Wolf-Rüdiger"]
[Result "1-0"]
[WhiteElo "1743"]
[BlackElo "1353"]
[PlyCount "127"]
[EventDate "2016.??.??"]
[SourceDate "2015.10.31"]

1. d4 Nf6 2. Nf3 g6 3. c4 Bg7 4. Nc3 e6 5. e4 d6 6. Bg5 Qd7 7. Be2 O-O 8. O-O
Ne8 9. Qd2 f6 10. Bh4 e5 11. h3 Nc6 12. d5 Nd8 13. Rad1 b6 14. Qc2 Nb7 15. b4
a6 16. Nh2 c5 17. a3 Qc7 18. b5 Bd7 19. a4 a5 20. Bg3 f5 21. f3 f4 22. Bf2 Nf6
23. Ng4 Nh5 24. Qd2 Bxg4 25. hxg4 Nf6 26. g3 g5 27. Kg2 Kf7 28. Rh1 Rh8 29.
gxf4 exf4 30. Rh3 h5 31. gxh5 Rxh5 32. Rxh5 Nxh5 33. Rh1 Rh8 34. Bd1 Be5 35.
Bc2 Qc8 36. Bd1 Nf6 37. Rxh8 Qxh8 38. Nb1 Nd8 39. Qe1 Kg6 40. Qg1 Nf7 41. Nd2
Qh5 42. Qh1 Qxh1+ 43. Kxh1 Nh6 44. Nb3 g4 45. Be1 g3 46. Nxa5 bxa5 47. Bxa5 Nd7
48. Bc7 Nf7 49. a5 Bf6 50. a6 Bd8 51. a7 Bxc7 52. a8=Q Nb6 53. Qc6 Bd8 54. Be2
Kh5 55. Qe8 Kg6 56. Bd3 Kf6 57. Qe6+ Kg7 58. Qg4+ Bg5 59. e5 dxe5 60. d6 Kf8
61. Bg6 Nxc4 62. Bxf7 Kxf7 63. Qd7+ Kg6 64. Qe6+ 1-0

[Event "SF Beelen 2 - Schach Nienberge 2"]
[Site "Verbandsklasse 2015/2016"]
[Date "2016.04.30"]
[Round "8.1"]
[White "da Costa Campos, André"]
[Black "Henke, Wolfgang"]
[Result "0-1"]
[WhiteElo "1950"]
[BlackElo "1748"]
[PlyCount "54"]
[EventDate "2016.??.??"]
[SourceDate "2015.10.31"]

1. e4 c5 2. Nf3 d6 3. d4 cxd4 4. Nxd4 Nf6 5. Nc3 a6 6. Be3 e5 7. Nb3 Be6 8. Qd2
Be7 9. f3 Qc7 10. g4 h6 11. g5 hxg5 12. Bxg5 Nbd7 13. Rg1 Nb6 14. O-O-O O-O-O
15. Qf2 Kb8 16. Be3 Nc4 17. Bxc4 Qxc4 18. Na5 Qc8 19. Rxg7 d5 20. exd5 Nxd5 21.
Nxd5 Rxd5 22. Rxd5 Bxd5 23. Nb3 Qc4 24. Rg1 Rc8 25. f4 Be4 26. c3 Qd3 27. Rd1
Rxc3+ 0-1